00782nam a2200229 a 4500008004100000020003000041040001500071100002500086245011300111250002000224260004500244300002900289336002600318337002600344338003600370500002000406504004300426650004400469700002100513003000100534005001700535  a9781506307930 (paperback) aNUSTcNUST1 aRossman, Gretchen B.10aAn Introduction to qualitative research:blearning in the field /cGretchen B. Rossman and Sharon F. Rallis. aFourth edition. aLos Angeles :bSage Publications,c2017. axxx, 312 pages ;c23 cm. atextbtxt2rdacontent acomputerbn2rdamedia aonline resourcebnc2rdacarrier aIncludes index. aIncludes bibliographical references.  1aSocial sciencesxResearchxMethodology. aSharon F. Rallis20241126161827.0